000
00329nam a2200109Ia 4500
008
230302s9999 xx 000 0 und d
082
_a
004.954BHA
100
_a
Bhatt(M.S)&Illiyan(Asharef)
245
_a
Information Technology(IT) in the Indian Economy Policies prospects and challenges
260
_a
NEW DELHI
365
_c
RS
999
_c
152904
_d
152904